000
00286nam a22001217a 4500
008
180313b xxu||||| |||| 00| 0 eng d
041
_a
eng
080
_a
32
100
_a
21
101
_a
pol
245
_a
the solider and the state in south america
_c
silva.p
942
_2
udc
_c
BK
999
_c
44836
_d
44836